banner-ar

BEHAVIOR IN ORGANIZATIONS: UNDERSTANDING THE HUMAN SIDE OF WORK / (Record no. 13076)

MARC details
000 -الفاتح
حقل البيانات ثابتة الطول 00474nam a2200169Ia 4500
008 - عناصر البيانات ثابتة الطول - معلومات عامة
حقل البيانات ثابتة الطول 140319s9999 xx 000 0 eng d
040 ## - مصدر الفهرسة
وكالة الفهرسة الأصلية GCL /
وكالة النسخ GCL
082 04 - رقم تصنيف ديوى العشرى
رقم التصنيف 658.3
رقم المادة B B
100 1# - المدخل الرئيسى - إسم شخصى
الإسم الشخصى BARON, ROBERT
245 10 - بيان العنوان
العنوان BEHAVIOR IN ORGANIZATIONS: UNDERSTANDING THE HUMAN SIDE OF WORK /
بيان المسئوليه,etc BARON, ROBERT
260 ## - PUBLICATION, DISTRIBUTION, ETC. (IMPRINT)
تاريخ النشر أو التوزيع 1986
300 ## - الوصف المادى
التعداد 514 P
650 04 - المدخل الاضافى بالموضوع-مصطلح موضوعى
مصطلح موضوعي ORGANIZATION
650 04 - المدخل الاضافى بالموضوع-مصطلح موضوعى
مصطلح موضوعي ORGANIZATIONAL BEHAVIOR
942 ## - عناصر المدخل الإضافي( كوها)
مصدر التصنيف او مخطط الترفيف Dewey Decimal Classification
Koha [default] item type كتاب
260 ## - PUBLICATION, DISTRIBUTION, ETC. (IMPRINT)
-- [S.N] :
-- ALLYN AND BACON ،
Holdings
حالة التراجع حالة الفقد حالة تلف ليس للاعارة المكان المؤقت الموقع الحالى تاريخ الاكتساب اجمالي اﻻعارات رقم الطلب الباركود تاريخ اخر مشاهدة تاريخ تفعيل السعر نوع وعاء كوها
        مكتبة القاهرة الكبرى مكتبة القاهرة الكبرى 03/26/2014   658.3\B B 25245 03/26/2014 03/26/2014 كتاب

Powered By

EGPV